Využiť treba všetky možnosti

Bibliographic Details
Main Author: Považan, Karol (Author)
Format: Article
Language:Slovak
ISSN:1335-440X
Subjects:

MARC

LEADER 00000nab a2200000 ar4500
001 vtls008955932
003 SK-MaSNL
005 20260303070353.0
008 070315c20070302xo |||||||||||000 b|slo
015 |a SNBRB2007/03  |2 snkbucl 
038 |a SNKBUCL 
040 |a SNKBUCL  |b slo  |c SNKBUCL  |e AACR2 
041 0 |a slo 
044 |a xo  |c SK 
080 |a 620.95  |2 1997 
100 1 |a Považan, Karol  |4 aut  |9 993223 
245 1 0 |a Využiť treba všetky možnosti  |c Karol Považan 
650 0 7 |a alternatívne energetické zdroje   |2 snkbucl  |9 3476 
650 0 7 |a biomasa  |2 snkbucl  |9 4197 
650 0 7 |a využitie  |2 snkbucl  |9 313759 
773 0 |t Sme. Roľnícke noviny  |g Č. 51 (2.3.2007)  |x 1335-440X 
773 0 8 |i Príl.:  |t Roľnícke noviny  |g Č. 9 (2.3.2007), s. 9 
852 |a SNK  |b KIS3GCP 
999 |c 1755064  |d 1756994